| 000 | 00572nam a2200193Ia 4500 | ||
|---|---|---|---|
| 003 | LDD | ||
| 008 | 181029s9999 xx 000 0 und d | ||
| 020 |
_a813110060X _c425.00 |
||
| 040 | _cLDD | ||
| 100 | _aNair, Sapna Sachdeva | ||
| 245 | 0 |
_aWorking Women _bA psychological perspective _cSapna Sachdeva Nair |
|
| 260 |
_aNew Delhi _bCommonwealth _c2006 |
||
| 300 | _avii, 156p. | ||
| 365 | _b425.00 | ||
| 901 |
_a3955 _b26-11-2007 |
||
| 902 |
_aSBS/130/D/07 _b07-12-2007 _cF _dSBS _e64 |
||
| 903 |
_aDiscount-15 _bReqst by : Annu J. Thomas |
||
| 942 |
_2ddc _cBK |
||
| 999 |
_c79146 _d79146 |
||